Berendezések karbantartásának mátrixos projekttervezése = Matrix-based planning of maintenance projects

A famous quote from the movie Wedding Crashers says that: „We have no way of knowing what lays ahead for us in the future. All we can do is to use the information at hand to make the best decision possible”. Maintenance planners of companies endeavor to do the same based on the available data, howev...

Teljes leírás

Elmentve itt :
Bibliográfiai részletek
Szerző: Németh Anikó
Dokumentumtípus: Cikk
Megjelent: Egyesület Közép-Európa Kutatására Szeged 2015
Sorozat:Taylor : gazdálkodás- és szervezéstudományi folyóirat 7 No. 1-2
Kulcsszavak:Karbantartás - szervezés - projektszemlélet, Vállalatirányítás
Tárgyszavak:
Online Access:http://acta.bibl.u-szeged.hu/36217
LEADER 01991nab a2200229 i 4500
001 acta36217
005 20260109142511.0
008 161017s2015 hu o 000 hun d
022 |a 2062-1396 
040 |a SZTE Egyetemi Kiadványok Repozitórium  |b hun 
041 |a hun 
041 |a eng 
100 1 |a Németh Anikó 
245 1 0 |a Berendezések karbantartásának mátrixos projekttervezése = Matrix-based planning of maintenance projects  |h [elektronikus dokumentum] /  |c  Németh Anikó 
260 |a Egyesület Közép-Európa Kutatására  |b Szeged  |c 2015 
300 |a 152-160 
490 0 |a Taylor : gazdálkodás- és szervezéstudományi folyóirat  |v 7 No. 1-2 
520 3 |a A famous quote from the movie Wedding Crashers says that: „We have no way of knowing what lays ahead for us in the future. All we can do is to use the information at hand to make the best decision possible”. Maintenance planners of companies endeavor to do the same based on the available data, however, this strategy may not lead to adequate results for the company, moreover, shortage for some resources, e.g., manpower, equipment, founds, can also balk the execution of the plan. One could say that the solution to these issues is simple: a plan satisfying all the demands should be prepared. The known and well tested planning and analysis methods should be integrated in order for the companies to see opportunities in the new planning approaches. This is my interpretation of the thoughts of Milton Berte: “If opportunity doesn’t knock, build a door.” Following the quote from Hannibal: “We will either find a way, or make one”, I have selected away from the ones I found, and modified it to fulfill the aforementioned purposes. 
650 4 |a Társadalomtudományok 
650 4 |a Közgazdasági és gazdálkodástudományok 
695 |a Karbantartás - szervezés - projektszemlélet, Vállalatirányítás 
856 4 0 |u http://acta.bibl.u-szeged.hu/36217/1/vikek_018_019_152-160.pdf  |z Dokumentum-elérés